Countries that Bulgaria has gone to war with - Statistics

General Stats
  • This quiz has been taken 89 times
    69 since last reset
  • The average score is 44 of 50
Answer Stats
Hint Answer % Correct
First Bulgarian–??????? War Ottoman Empire
100%
second Bulgarian–??????? War Ottoman Empire
100%
Russo-Turkish War Ottoman Empire
100%
Macedonian Struggle War Ottoman Empire
100%
First Balkan war Ottoman Empire
100%
Second Balkan War Ottoman Empire
100%
Fifth Bulgarian-??????? War Serbian Kingdom
98%
Bulgarian-??????? War Serbian Kingdom
98%
Macedonian Struggle War Serbian Kingdom
98%
Second Balkan War Serbian Kingdom
98%
WW1 Serbian Kingdom
98%
First Bulgarian-??????? War Serbian Principality
98%
Second Bulgarian-??????? War Serbian Principality
98%
Forth Bulgarian-????????? War Serbian Principality
98%
third Bulgarian-??????? War Serbian Principality
98%
Fourth Bulgarian-??????? War Serbian Principality
98%
First Bulgarian–????? War Latin Empire
96%
WW1 British Empire
94%
First Bulgarian-????????? War Byzantine Empire
94%
Third Bulgarian-????????? War Byzantine Empire
94%
Forth Bulgarian-????????? War Byzantine Empire
94%
third Bulgarian-??????? War Byzantine Empire
94%
Fifth Bulgarian-????????? War Byzantine Empire
94%
Seventh Bulgarian-????????? War Byzantine Empire
94%
Bulgarian-?????? ??? War Kievan Rus Empire
94%
WW2 Nazi Germany
94%
WW1 Russian Empire
94%
Macedonian Struggle War Greek Kingdom
90%
Second Balkan War Greek Kingdom
90%
WW1 Greek Kingdom
90%
Incident at Petrich Greek Kingdom
90%
Macedonian Struggle War Romanian Kingdom
90%
Second Balkan War Romanian Kingdom
90%
WW1 Romanian Kingdom
90%
WW2 Romanian Kingdom
90%
Battle of Klokotnitsa Thessalonican Empire
90%
WW1 French Republic
88%
First Balkan war Austria Hungarian Empire
87%
WW1 United States
87%
WW1 Italian Empire
85%
WW2 Italian Kingdom
85%
First Balkan war Albanian Legion
79%
WW2 Japanese Empire
69%
Second Balkan War Montenegrin Kingdom
69%
Siege of Constantinople Umayyad Caliphate
65%
First Bulgarian-???????? War Croatian Kingdom
63%
Second Bulgarian-???????? War Croatian Kingdom
63%
Third Bulgarian-???????? War Croatian Kingdom
63%
Second Bulgarian-?????? War Golden Horde Empire
35%
Forth Bulgarian-?????? War Golden Horde Empire
35%
No matching quizzes found
Score Distribution
Percent of People with Each Score
Percentile by Number Answered
Your Score History
You have not taken this quiz since the last reset